| 000 | 00747nam a22002291 4500 | ||
|---|---|---|---|
| 001 | sa 68001084 | ||
| 003 | DLC | ||
| 005 | 20260227112430.0 | ||
| 008 | 710903s1966 ii 00010 eng | ||
| 010 | _asa 68001084 | ||
| 025 | _aPL480:I-E-8130 | ||
| 043 | _aa-ii--- | ||
| 050 | 0 |
_aHF5549.5.S8 _bH9 |
|
| 110 | 1 | 0 |
_aHyderabad, India. _bAdministrative Staff College of India. |
| 245 | 1 | 0 |
_aEmployee suggestion schemes, _cby K. J. Joseph, research officer. |
| 260 | 0 |
_aHyderabad, _bAdministrative Staff College of India _c[1966] |
|
| 300 |
_a63 p. _c33 cm. |
||
| 350 | _aRs2.50 | ||
| 490 | 0 | _aASCI surveys of management practices in India. Survey no. 2 | |
| 650 | 0 |
_aSuggestion systems _zIndia. |
|
| 700 | 1 | 0 |
_aJoseph, Kanakambaram Joseph, _d1934- |
| 999 |
_c77685 _d77685 |
||